00522nam a2200193Ia 4500008004100000041001200041082001200053100002100065245005000086260003100136300000800167365000800175520001100183546001200194630005000206650001100256655001100267730005000278101110s9999 xx 000 0 und d aENGLISH bSR29599 aNandela Krishnan aInternational marketing BMS S.Y. 4rh semester c0bSheth publishers,Mumbai a284 b110 aB.M.S. aENGLISH aInternational marketing BMS S.Y. 4rh semester aB.M.S. aB.M.S. aInternational marketing BMS S.Y. 4rh semester